Panduan menterjemah

Bibliographic Details
Main Author: Ainon Muhammad (Author)
Format: Book
Language:Malay
Published: Kuala Lumpur : Dewan Bahasa dan Pustaka 1985
Subjects:

MARC

LEADER 00000cam a2200000 7i4500
001 0000007236
005 20241001.0
008 000629 my may
040 |a INS   |b eng   |e rda 
090 0 0 |a P306   |b .A34 1985 
100 0 |a Ainon Muhammad ,   |e author 
245 1 0 |a Panduan menterjemah   |c Ainon Muhammad 
264 1 |a Kuala Lumpur :   |b Dewan Bahasa dan Pustaka   |c 1985 
264 4 |c ©1985 
300 |a 211 pages ;   |c 21 cm. 
336 |a text  |2 rdacontent 
337 |a unmediated  |2 rdamedia 
338 |a volume  |2 rdacarrier 
504 |a Includes bibliographical references 
650 0 |a Translation 
999 |a 0000003199   |b BOOK   |c Open Shelf   |e Default branch